Pravosposobnosť Jevropejskogo Sojuza na zaključenije meždunarodnych dogovorov

Právna spôsobilosť Európskej únie na uzatváranie medzinárodných dohôd. Právna subjektivita Európskej únie. Kritériá, ktoré medzinárodná organizácia musí splniť na to, aby mala právnu subjektivitu. Zmluva o Európskej únii (Maastrichtská zmluva) a otázky právnej subjektivity EÚ.

Salvato in:
Dettagli Bibliografici
Autore principale: Mráz, Stanislav
Natura: Capitolo di libro
Lingua:russo
Soggetti:
Tags: Aggiungi Tag
Nessun Tag, puoi essere il primo ad aggiungerne!!

MARC

LEADER 00000naa$a2200000$$$4500
001 0126316
005 20240502083319.5
041 0 |a rus 
044 |a RU 
245 1 0 |a Pravosposobnosť Jevropejskogo Sojuza na zaključenije meždunarodnych dogovorov  |c Stanislav Mráz 
520 |a Právna spôsobilosť Európskej únie na uzatváranie medzinárodných dohôd. Právna subjektivita Európskej únie. Kritériá, ktoré medzinárodná organizácia musí splniť na to, aby mala právnu subjektivitu. Zmluva o Európskej únii (Maastrichtská zmluva) a otázky právnej subjektivity EÚ. 
610 2 0 |a Európska únia 
610 2 0 |a právo medzinárodné 
610 2 0 |a zmluvy medzinárodné 
610 2 0 |a subjektivita právna 
100 1 |a Mráz, Stanislav